[Event "King's Gambit B"]
[Site "Lipetsk RUS"]
[Date "2010.06.27"]
[Round "5"]
[White "Vakhlamov,I"]
[Black "Lavretzkij,R"]
[Result "0-1"]
[WhiteElo "2280"]
[BlackElo "2289"]

1.Nf3 d5 2.c4 c6 3.d4 Nf6 4.e3 a6 5.Bd2 e6 6.Qc2 Ne4 7.Bd3 f5 8.O-O Bd6 9.Ne5 Nd7
10.f4 O-O 11.Nc3 Nxd2 12.Qxd2 Nxe5 13.fxe5 Be7 14.c5 Bd7 15.b4 Bg5 16.Na4 Be8
17.Nb6 Rb8 18.a4 Bh6 19.b5 axb5 20.axb5 Qh4 21.Qf2 Qg5 22.bxc6 Bxc6 23.Rfe1 Rbd8
24.g3 Qe7 25.Kh1 g5 26.Rg1 Kh8 27.Raf1 Bg7 28.Qc2 h5 29.Qe2 Be8 30.h3 Bh6
31.Bc2 Bg6 32.Na4 Ra8 33.Nc3 g4 34.h4 Ra3 35.Qd2 Qd8 36.Ra1 Qa5 37.Rxa3 Qxa3
38.Rb1 Rf7 39.Rb3 Qa5 40.Rb5 Qa6 41.Bd3 Qa3 42.Ne2 Re7 43.Nf4 Bxf4 44.exf4 Be8
45.Rb2 Bc6 46.Ra2 Qb3 47.Qc2 Qb4 48.Qf2 Re8 49.Kh2 Qc3 50.Bf1 Rb8 51.Rc2 Qa3
52.Ra2 Qc3 53.Qb2 Qe3 54.Bg2 Qd3 55.Qb6 Qxd4 56.Qc7 Re8 57.Qf7 Qxc5 58.Qxh5+ Kg8
59.Qg6+ Kh8 60.Qh6+ Kg8 61.Qg6+ Kh8 62.h5 Qe7 63.h6 Rg8 64.Qf6+ Qxf6 65.exf6 Rf8
66.Kg1 Kh7 67.Kf2 Kxh6 68.Ke3 Kg6 69.Kd4 Kxf6 70.Ra3 Re8 71.Bf1 e5+ 72.fxe5+ Rxe5
73.Ra8 Re4+ 74.Kd3 Bb5+  0-1

[Event "1st Open"]
[Site "Marrakesh MAR"]
[Date "2010.06.27"]
[Round "3"]
[White "Iturrizaga,E"]
[Black "Fargere,Fr"]
[Result "1/2-1/2"]
[WhiteElo "2599"]
[BlackElo "2489"]

1.Nf3 d5 2.c4 c6 3.e3 Nf6 4.Nc3 a6 5.Qc2 g6 6.d4 Bg7 7.Bd3 O-O 8.O-O Bg4
9.Ne5 e6 10.Nxg4 Nxg4 11.h3 Nf6 12.b3 Nbd7 13.Bb2 Re8 14.Rad1 Qa5 15.Rfe1 c5
16.Qd2 dxc4 17.bxc4 cxd4 18.exd4 Nb6 19.Ne4 Qxd2 20.Nxd2 Rad8 21.Ba1 Nh5
22.c5 Na4 23.Nb3 e5 24.Be4  1/2-1/2

[Event "1st Open"]
[Site "Marrakesh MAR"]
[Date "2010.06.27"]
[Round "3"]
[White "Degondo,Simplice Armel"]
[Black "Vernay,C"]
[Result "0-1"]
[WhiteElo "2075"]
[BlackElo "2442"]

1.Nf3 d5 2.c4 d4 3.e3 Nc6 4.exd4 Nxd4 5.Nxd4 Qxd4 6.Nc3 Bg4 7.Qb3 Qe5+ 8.Be2 Bxe2
9.Nxe2 O-O-O 10.Qe3 Qxe3 11.fxe3 e5 12.d4 Ne7 13.O-O f6 14.Bd2 Nc6 15.d5 Bc5
16.Kh1 Nb4 17.Bxb4 Bxb4 18.e4 Be7 19.a3 g6 20.Rf3 c6 21.Nc3 Rhf8 22.b4 f5
23.c5 cxd5 24.Nxd5 Bg5 25.Raf1 Rfe8 26.Nc3 Bd2 27.h3 a6 28.exf5 gxf5 29.Nb1 e4
30.R3f2 Bh6 31.Rxf5 e3 32.Nc3 e2 33.Nxe2 Rxe2 34.c6 bxc6 35.Rf6 Bd2 36.Rxc6+ Kb7
37.Rc4 Re1 38.Rxe1 Bxe1 39.Re4 Bg3 40.Re7+ Ka8  0-1

[Event "TCh-SUI 2010"]
[Site "Switzerland SUI"]
[Date "2010.06.27"]
[Round "5.7"]
[White "Goldstern,F"]
[Black "Lamoureux,C"]
[Result "1/2-1/2"]
[WhiteElo "2331"]
[BlackElo "2353"]

1.Nf3 d5 2.c4 d4 3.d3 c5 4.b4 a5 5.bxc5 Nc6 6.g3 e5 7.Bg2 Nf6 8.O-O Nd7 9.e3 Be7
10.exd4 exd4 11.Nbd2 Nxc5 12.Nb3 Ne6 13.Re1 O-O 14.Ne5 Nb4 15.Bd2 a4 16.Nc1 f6
17.Nf3 Nc6 18.Nh4 Nc7 19.Qh5 f5 20.Rb1 Ra6 21.Ne2 g5 22.Ng6  1/2-1/2

[Event "HSG Open"]
[Site "Hilversum NED"]
[Date "2010.06.28"]
[Round "3"]
[White "Landa,K"]
[Black "Slingerland,F"]
[Result "1/2-1/2"]
[WhiteElo "2655"]
[BlackElo "2397"]

1.Nf3 d5 2.c4 dxc4 3.Qa4+ c6 4.Qxc4 Nf6 5.d4 Bf5 6.g3 e6 7.Bg2 Nbd7 8.O-O Nb6
9.Qb3 Qd5 10.Nbd2 Be7 11.e3 Ne4 12.Qd1 Qb5 13.a4 Qb4 14.Ne5 Nxd2 15.Bxd2 Qxb2
16.a5 f6 17.Nxc6 Nc4 18.Nxe7 Kxe7 19.Be1 Rad8 20.Qc1 Bd3 21.Qxb2 Nxb2 22.Bb4+ Kd7
23.Rfc1 Ba6 24.Rc3 Rc8 25.Rb3 Nd3 26.Ba3 Rc2 27.Be4 Rd2 28.Bb4 Rb2 29.Rxb2 Nxb2
30.Bc5 f5 31.Bf3 Nd3 32.Bxa7 Ra8 33.Bc5 Rc8 34.Rb1 Nxc5 35.dxc5 Rc7 36.h4 e5
37.Bd5 g6 38.Rc1 Bb5 39.f3 Bc6 40.e4 Rc8 41.Rd1 Ra8 42.Bxc6+ Kxc6 43.Rd6+ Kxc5  1/2-1/2

[Event "1st Open"]
[Site "Marrakesh MAR"]
[Date "2010.06.28"]
[Round "5"]
[White "Degondo,Simplice Armel"]
[Black "Kiss,Pa1"]
[Result "1/2-1/2"]
[WhiteElo "2075"]
[BlackElo "2388"]

1.Nf3 d5 2.c4 c6 3.cxd5 cxd5 4.d4 Nc6 5.Nc3 Nf6 6.Bf4 a6 7.e3 Bg4 8.Be2 e6
9.O-O Be7 10.Rc1 O-O 11.Na4 Ne4 12.Nc5 Nxc5 13.dxc5 Bf6 14.Bd6 Re8 15.Qd2 a5
16.Rfd1 Bxf3 17.Bxf3 Be5 18.Bxe5 Nxe5 19.Be2 Qc7 20.h3 Rec8 21.b3 b6 22.c6 Nxc6
23.e4 Qd6 24.exd5 exd5 25.Qxd5 Qxd5 26.Rxd5 Nb4 27.Rxc8+ Rxc8 28.Rd7 Nxa2
29.Bc4 Nc3 30.Bxf7+ Kf8 31.Rb7 b5 32.Be6 Rc6 33.Bf5 Kg8 34.Bd3 Rc5 35.g4 g6
36.Rd7 a4 37.bxa4 bxa4 38.Ra7 Kh8 39.Kg2 Rd5 40.Bc2 Rd2 41.Bxa4 Ra2 42.Ra8+ Kg7
43.Bc6 Rxa8 44.Bxa8 g5 45.h4 h6 46.f4 gxf4 47.Kf3 Kf6 48.Kxf4 Nb5 49.Bc6 Nc7
50.Bd7 Nd5+ 51.Ke4 Ne7 52.Bf5 Nc6 53.Kf4  1/2-1/2

[Event "5th Open"]
[Site "Wroclaw POL"]
[Date "2010.06.28"]
[Round "3"]
[White "Luch,M"]
[Black "Szumilas,Pi"]
[Result "1-0"]
[WhiteElo "2398"]
[BlackElo "2197"]

1.Nf3 d5 2.c4 c6 3.d4 Nf6 4.Qc2 g6 5.Bf4 Bf5 6.Qb3 Qb6 7.c5 Qxb3 8.axb3 Nbd7
9.Nc3 a6 10.b4 Rc8 11.h3 h5 12.e3 Bg7 13.Be2 Be6 14.Nd2 Nh7 15.Nb3 Ra8 16.b5 cxb5
17.Nxb5 O-O 18.Nc7 Ra7 19.Bd3 g5 20.Bxh7+ Kxh7 21.Bxg5 Nf6 22.Bxf6 Bxf6 23.O-O Rc8
24.Nxe6 fxe6 25.Ra4 Raa8 26.Rb4 Rab8 27.Na5 Rc7 28.Rd1 Bg7 29.Rb6 e5 30.c6 exd4
31.exd4 e5 32.dxe5 Bxe5 33.cxb7 Rg7 34.Nc6 Bc7 35.Nxb8 Bxb6 36.Nd7  1-0

[Event "HSG Open"]
[Site "Hilversum NED"]
[Date "2010.06.29"]
[Round "4"]
[White "Piasetski,L"]
[Black "Landa,K"]
[Result "0-1"]
[WhiteElo "2301"]
[BlackElo "2655"]

1.Nf3 d5 2.c4 d4 3.e3 Nc6 4.exd4 Nxd4 5.Nxd4 Qxd4 6.Nc3 c6 7.d3 Nh6 8.Be3 Qd7
9.d4 Nf5 10.Qd3 g6 11.O-O-O Bg7 12.Be2 b6 13.g4 Nxe3 14.Qxe3 Qe6 15.Bf3 Qxe3+
16.fxe3 Bd7 17.b4 Rf8 18.Kc2 Rc8 19.Kd3 f5 20.gxf5 Bxf5+ 21.Be4 Bh3 22.Rd2 Bf1+
23.Ne2 Rf2 24.Kc2 Bxe2 25.Re1 Bf3 26.Bxg6+ hxg6 27.Rxf2 Be4+ 28.Kb3 e5 29.Rg1 Rc7
30.dxe5 Re7 31.Rf4 Rxe5 32.Rxe4 Rxe4 33.Rxg6 Rxe3+ 34.Ka4 Bb2 35.Rg3 Rxg3
36.hxg3 Kd7  0-1

[Event "1st Open"]
[Site "Marrakesh MAR"]
[Date "2010.06.29"]
[Round "6"]
[White "Onkoud,A"]
[Black "Akhrouf,Lissan Dine"]
[Result "1/2-1/2"]
[WhiteElo "2377"]
[BlackElo "1499"]

1.Nf3 d5 2.c4 c6 3.b3 Nf6 4.Bb2 Nbd7 5.e3 e6 6.Be2 Bd6 7.d4 Ne4 8.Qc2 f5
9.Nc3 Qe7 10.Bd3 Ndf6 11.h3 Nxc3 12.Bxc3 Ne4 13.c5 Bc7 14.b4 O-O 15.Ne5 a5
16.a3 Qg5 17.O-O Bxe5 18.dxe5 Nxc3 19.f4 Qg3 20.Rf3 Qh4 21.Qxc3 Kh8 22.Kh2 Qd8
23.Rff1 Rg8 24.Rg1 h5 25.Be2 g5 26.g3 Rg7 27.fxg5 Qxg5 28.h4 Qd8 29.Qd4 Qe8
30.Qf4 Qg6 31.b5  1/2-1/2

[Event "1st Open"]
[Site "Marrakesh MAR"]
[Date "2010.06.30"]
[Round "7"]
[White "Brih,S"]
[Black "Malakhatko,V"]
[Result "0-1"]
[WhiteElo "2352"]
[BlackElo "2569"]

1.Nf3 d5 2.c4 c6 3.d4 Nf6 4.Nc3 dxc4 5.e4 b5 6.e5 Nd5 7.a4 e6 8.Be2 Bb7 9.O-O g6
10.Ne4 h6 11.Bd2 Nd7 12.b3 cxb3 13.Qxb3 Be7 14.Rfc1 O-O 15.Bd3 Qb6 16.a5 Qc7
17.Bb1 Rfd8 18.Qc2 c5 19.Nxc5 b4 20.Ra4 Rab8 21.Bxb4 Nxb4 22.Rxb4 Ba8 23.Rxb8 Rxb8
24.Nd2 Bxc5 25.dxc5 Rb5 26.Ne4 Qb8 27.Nd6 Rb2 28.Qd3 Qb3 29.Nc4 Qxd3 30.Bxd3 Rb8  0-1

[Event "IsBank TCh-TUR"]
[Site "Konya TUR"]
[Date "2010.07.01"]
[Round "4"]
[White "Pantsulaia,L"]
[Black "Secer,A"]
[Result "1-0"]
[WhiteElo "2587"]
[BlackElo "2325"]

1.Nf3 d5 2.c4 c6 3.g3 Bg4 4.Bg2 Nf6 5.Ne5 Be6 6.cxd5 Bxd5 7.Nf3 e5 8.Nc3 Bxf3
9.Bxf3 Nbd7 10.O-O Be7 11.Rb1 a5 12.a3 Nb6 13.b4 axb4 14.axb4 Nbd5 15.Qb3 b5
16.Nxd5 Nxd5 17.Bb2 Qd6 18.Rfc1 Rd8 19.d4 exd4 20.Bxd4 O-O 21.Bc5 Qf6 22.e4 Bxc5
23.exd5 Bxb4 24.dxc6 Bd6 25.Kg2 b4 26.Bg4 Qe7 27.Bd7 g6 28.Qd5 Ra8 29.Rd1 Bc7
30.Re1 Qd8 31.Re4 Ba5 32.Rb3 Rb8 33.Rf3 Bc7 34.h4 h5 35.Qb3 Bd6 36.Re8 Rxe8
37.Qxf7+ Kh8 38.Qxg6 Qe7 39.Re3  1-0

[Event "1st Open"]
[Site "Marrakesh MAR"]
[Date "2010.07.02"]
[Round "9"]
[White "Hoffman,A"]
[Black "Choukri,A"]
[Result "0-1"]
[WhiteElo "2438"]
[BlackElo "2105"]

1.Nf3 d5 2.c4 e6 3.g3 dxc4 4.Qa4+ Nd7 5.Qxc4 Ngf6 6.Bg2 Be7 7.O-O O-O 8.a4 a5
9.d4 Nb6 10.Qc2 Nbd5 11.Bg5 Nb4 12.Qc1 h6 13.Bxf6 Bxf6 14.Nc3 b6 15.Rd1 Bb7
16.e4 Rc8 17.h4 c6 18.Qf4 Qc7 19.Qg4 Rfd8 20.Rac1 Qb8 21.e5 Be7 22.Ne4 Nd5
23.Bf1 c5 24.dxc5 bxc5 25.Bd3 Qc7 26.Bb1 Qb6 27.b3 Qb4 28.Nfd2 Nb6 29.Qh5 Bxe4
30.Nxe4 Qxb3 31.Ng5 Bxg5 32.hxg5 hxg5 33.Qh7+ Kf8 34.Bc2 Rxd1+ 35.Rxd1 Qf3
36.Qh8+ Ke7 37.Qxg7 Nd5 38.Qxg5+ Kd7 39.Rb1  0-1

[Event "XXXIII Open"]
[Site "Barbera del Valles ESP"]
[Date "2010.07.05"]
[Round "2"]
[White "Tarrago Antoni,M"]
[Black "Vilela de Acuna,J"]
[Result "1/2-1/2"]
[WhiteElo "2258"]
[BlackElo "2329"]

1.Nf3 d5 2.c4 e6 3.g3 Nf6 4.Bg2 dxc4 5.Qa4+ Nbd7 6.O-O a6 7.Qxc4 b5 8.Qc2 Bb7
9.d4 c5 10.a4 b4 11.Bg5 Rc8 12.Qd1 c4 13.Nbd2 c3 14.bxc3 bxc3 15.Nb3 Be7
16.Ne1 Bxg2 17.Kxg2 Qb6 18.Qc2 e5 19.Nf3 Qe6 20.dxe5 Nxe5 21.Nbd4 Qd5 22.Nf5 Bf8
23.Rfd1 Qc6 24.Nd4 Qe4 25.Qxe4 Nxe4 26.Nxe5 Nxg5 27.Nec6 Bc5 28.Rac1 Bxd4
29.Nxd4 Rc4 30.Rd3 O-O 31.Rcxc3 Rxa4 32.Ra3 Rxa3 33.Rxa3 Ra8 34.Ra5 Ne4 35.Nc6 Nc3
36.Nb4 Nxe2 37.Rxa6  1/2-1/2

[Event "85th ch-ARG"]
[Site "Buenos Aires ARG"]
[Date "2010.07.07"]
[Round "3"]
[White "Lopez,Ri"]
[Black "Gaitan,Juan Manuel"]
[Result "0-1"]
[WhiteElo "2187"]
[BlackElo "2047"]

1.Nf3 d5 2.c4 d4 3.g3 Nc6 4.d3 e5 5.Bg2 Bb4+ 6.Nbd2 Nf6 7.O-O a5 8.Rb1 Qe7
9.Qa4 Bd7 10.a3 Bd6 11.Qc2 O-O 12.Ng5 Bf5 13.Nge4 Nxe4 14.Nxe4 Bxe4 15.Bxe4 f5
16.Bd5+ Kh8 17.Bd2 Nd8 18.b4 axb4 19.axb4 c6 20.Bg2 Ne6 21.c5 Bb8 22.b5 Nxc5
23.bxc6 bxc6 24.Bb4 Bd6 25.Rfc1 Ne4 26.Bxd6 Nxd6 27.Rb6 h6 28.Rxc6 Rac8 29.Qb2 Rxc6
30.Rxc6 Nf7 31.Qb6 f4 32.Rc7 Qd6 33.Qa7 Qf6 34.Rc6 Qg5 35.h4 Qd8 36.Rc7 Qf6
37.Rc6 Nd6 38.Bh3 fxg3 39.fxg3 e4 40.Bg2 exd3 41.exd3 Qf2+ 42.Kh2 Nf5 43.Rg6 Re8
44.Qb7 Kh7 45.h5 Re3 46.Qc7 Rxd3 47.Rg4 Rd2 48.Qc6 Qxg2+ 49.Qxg2 Rxg2+ 50.Kxg2 Ne3+
51.Kf3 Nxg4 52.Kxg4 Kg8 53.Kf4 Kf7 54.Ke4 Kf6 55.Kxd4 Kg5 56.Ke3 Kxh5 57.Kf4 g6
58.Kf3 g5 59.Kf2 Kg4  0-1

[Event "ch-SWE Mastarklassen"]
[Site "Lund SWE"]
[Date "2010.07.07"]
[Round "5"]
[White "Lauritzson,P"]
[Black "Couso,L"]
[Result "1-0"]
[WhiteElo "2109"]
[BlackElo "2261"]

1.Nf3 d5 2.c4 e6 3.g3 Nf6 4.Bg2 Be7 5.O-O O-O 6.b3 c5 7.Bb2 Nc6 8.e3 d4 9.b4 d3
10.b5 Na5 11.Ne5 Nd7 12.Nxd3 Nxc4 13.Bxg7 Kxg7 14.Qg4+ Kh8 15.Qxc4 Nb6 16.Qc2 c4
17.Nb2 Bf6 18.Na3 a6 19.Naxc4 Nxc4 20.Nxc4 Bxa1 21.Rxa1 axb5 22.Qb2+ f6 23.Qxb5 Bd7
24.Qxb7 Rb8 25.Qe4 Qc7 26.d3 Rb4 27.a3 Rb3 28.h3 Rfb8 29.Kh2 e5 30.a4 Be6
31.a5 Bxc4 32.Qxc4 Rc3 33.Qxc7 Rxc7 34.a6 Ra7 35.Bb7 Rd8 36.Ra3 Rd6 37.Kg2 Rb6
38.Kf3 Rb2 39.Rc3 Rd2 40.g4 h5 41.gxh5 Kg7 42.e4 Ra2 43.Ke3 R2xa6 44.Bxa6 Rxa6
45.f4 Ra2 46.Rc7+ Kh6 47.fxe5 fxe5 48.Rc5  1-0

[Event "ch-Paris Int"]
[Site "Paris FRA"]
[Date "2010.07.08"]
[Round "6"]
[White "Kunte,A"]
[Black "Richter,Mic"]
[Result "1/2-1/2"]
[WhiteElo "2521"]
[BlackElo "2428"]

1.Nf3 d5 2.c4 c6 3.e3 Nf6 4.Nc3 a6 5.d4 b5 6.c5 Bg4 7.h3 Bxf3 8.Qxf3 e5 9.Bd2 Nbd7
10.g4 g6 11.Qg3 Qe7 12.O-O-O b4 13.Nb1 Ne4 14.Qg2 Nexc5 15.f4 exd4 16.exd4 Ne4
17.Bd3 f5 18.gxf5 gxf5 19.Be1 c5 20.Nd2 c4 21.Bc2 Bh6 22.Nf3 Bxf4+ 23.Kb1 O-O-O
24.Nh4 Rhg8 25.Qf3 Qg5 26.Rf1 Bd2 27.Nxf5 Bxe1 28.Bxe4 dxe4 29.Nd6+ Kb8 30.Nxe4 Qd5
31.Rfxe1 Rdf8 32.Qe3 Ka7 33.Nc5 Re8 34.Qf4 Nxc5 35.dxc5 Rxe1 36.Rxe1 Rg7
37.Qf6 Rb7 38.c6 Rf7 39.Qh6 Kb6 40.c7+ Kxc7 41.Qxa6 Qd3+ 42.Kc1 Rf1 43.Qa7+  1/2-1/2

[Event "1st Open"]
[Site "Vaujany FRA"]
[Date "2010.07.11"]
[Round "2"]
[White "Prakken,G"]
[Black "Das,Arg"]
[Result "1/2-1/2"]
[WhiteElo "2194"]
[BlackElo "2486"]

1.Nf3 d5 2.c4 e6 3.g3 c6 4.Qc2 Nf6 5.d4 Be7 6.Bg2 O-O 7.O-O b6 8.b3 Bb7 9.Nc3 Nbd7
10.Rd1 Rc8 11.e4 Ba6 12.e5 Ne8 13.Bf1 Nc7 14.Bd3 h6 15.Bf4 Bb7 16.cxd5 Nxd5
17.Nxd5 cxd5 18.Qd2 g5 19.Be3 f6 20.exf6 Bxf6 21.Rac1 Qe7 22.Rxc8 Rxc8 23.Rc1 Rxc1+
24.Qxc1 Qd8 25.Qa3  1/2-1/2

[Event "Int ch-SVK OpenA"]
[Site "Banska Stiavnica SVK"]
[Date "2010.07.12"]
[Round "3"]
[White "Sremanak,S"]
[Black "Mazur,S"]
[Result "0-1"]
[WhiteElo "2187"]
[BlackElo "2419"]

1.Nf3 d5 2.c4 d4 3.e3 Nc6 4.d3 e5 5.Na3 dxe3 6.fxe3 Nf6 7.Qa4 Bb4+ 8.Bd2 Bxd2+
9.Nxd2 O-O 10.h3 Nd7 11.Nf3 Nc5 12.Qd1 e4 13.dxe4 Qe7 14.Be2 Nxe4 15.Qc1 Qb4+
16.Nd2 Rd8 17.Nb1 Ng3 18.Rh2 Bf5 19.Qc3 Qd6 20.c5 Qg6 21.Bc4 Bxb1 22.Nxb1 Ne4
23.Qc2 Qg3+  0-1

[Event "Int ch-SVK OpenA"]
[Site "Banska Stiavnica SVK"]
[Date "2010.07.13"]
[Round "4"]
[White "Pecha,T"]
[Black "Petenyi,T"]
[Result "1/2-1/2"]
[WhiteElo "2187"]
[BlackElo "2375"]

1.Nf3 d5 2.c4 d4 3.g3 Nc6 4.Bg2 e5 5.O-O Nf6 6.b4 e4 7.Ng5 Bxb4 8.Nxe4 Nxe4
9.Bxe4 Bh3 10.Bg2 Qd7 11.d3 h5 12.f3 Bxg2 13.Kxg2 h4 14.g4 h3+ 15.Kh1 O-O-O
16.Bf4 Rde8 17.Nd2 f5 18.gxf5 Qxf5 19.Bg3 Bxd2 20.Qxd2 Re6 21.Rae1 Rhe8 22.Rf2 Re3
23.Kg1 Ne5 24.Bxe5 Qxe5 25.Kh1 Qf5 26.Ref1 g5 27.Qc2 g4 28.Qd1 Qe6 29.fxg4 Qxg4
30.Rg1 Qe6 31.Rg3 Qc6+ 32.Kg1 Qd6 33.Rxe3 Rxe3 34.Qf1 b6 35.Rf3 Qh6 36.Rxe3 Qxe3+
37.Qf2 Qc1+ 38.Qf1 Qe3+ 39.Qf2 Qc1+ 40.Qf1 Qg5+ 41.Kf2 Qh4+ 42.Kg1 Qg5+ 43.Kf2 Qe3+
44.Ke1 Kb7 45.Kd1 Ka6 46.Kc2 c5 47.Qf3 Qe5 48.Kb3 Qxh2 49.Qc6 Qb8 50.Qb5+ Kb7
51.Qd7+ Qc7 52.Qxh3 Qe7 53.Qf3+  1/2-1/2

[Event "ZDMI Open"]
[Site "Dresden GER"]
[Date "2010.07.13"]
[Round "4"]
[White "Juergens,Kl"]
[Black "Goes,C"]
[Result "1/2-1/2"]
[WhiteElo "2142"]
[BlackElo "1800"]

1.Nf3 d5 2.c4 d4 3.b4 f6 4.e3 e5 5.c5 dxe3 6.fxe3 a5 7.d4 axb4 8.Bc4 Nc6
9.O-O Bg4 10.Bxg8 Rxg8 11.Qb3 Rh8 12.Nxe5 Nxe5 13.dxe5 Qd7 14.Qxb4 O-O-O
15.Nc3 h5 16.Rb1 Qc6 17.Ba3 Rd2 18.Rf2 Rxf2 19.Kxf2 fxe5 20.Nb5 Qa6 21.Qb2 Be7
22.c6 Rf8+ 23.Kg1 Bxa3 24.cxb7+ Kb8 25.Nxa3 Qe2 26.Qxe2 Bxe2 27.Nb5 Bd3 28.Rc1 Bxb5
29.h4 Kxb7 30.Rc5 c6 31.Rxe5 Rf1+ 32.Kh2 Re1 33.Rxh5 Rxe3 34.Rg5 Re7 35.h5 Bc4
36.a3 Bd5 37.g4 Kb6 38.Kg3 Rf7 39.Rg6 Ka5 40.Rd6 Rf3+ 41.Kh4 Ka4 42.Rd7 Rf7
43.Rd8 Kxa3 44.Kg5 Kb4 45.Kg6 Rc7 46.Rb8+ Kc4 47.Kf5 Kd4 48.Rb4+ Kc3 49.Ra4 Bf7
50.Ke5 c5 51.Kd6 Kb3 52.Rf4 Ra7 53.Kxc5 Kc3 54.Kd6  1/2-1/2

[Event "ZDMI Open"]
[Site "Dresden GER"]
[Date "2010.07.13"]
[Round "4"]
[White "Ghaem Maghami,E"]
[Black "Boehm,Rob"]
[Result "1-0"]
[WhiteElo "2585"]
[BlackElo "2187"]

1.Nf3 d5 2.c4 c6 3.d4 Nf6 4.Qc2 e6 5.Bg5 Be7 6.e3 O-O 7.Nc3 Nbd7 8.Rd1 Re8
9.a3 dxc4 10.Bxc4 Nd5 11.Bxe7 Qxe7 12.O-O b6 13.Nxd5 cxd5 14.Bb5 Bb7 15.Rc1 Rec8
16.Qa4 Nf6 17.Rxc8+ Bxc8 18.Rc1 Ne4 19.Bd3 Bd7 20.Qc2 Nf6 21.Ne5 g6 22.Ba6 Ne8
23.Qc3 Qd6 24.h4 Kg7 25.h5 Qe7 26.Bb7 Rd8 27.Bc6 Bc8 28.Bxd5 Rxd5 29.Qxc8 gxh5
30.Nc6 Qd7 31.Nxa7 Nf6 32.Qxd7 Nxd7 33.Nc6 f5 34.a4 Kf6 35.b4 h6 36.Kh2 Kg5
37.a5 bxa5 38.bxa5 Rb5 39.a6  1-0

[Event "Lake Sevan GM"]
[Site "Martuni ARM"]
[Date "2010.07.13"]
[Round "3"]
[White "Ponkratov,P"]
[Black "Pashikian,A"]
[Result "1/2-1/2"]
[WhiteElo "2604"]
[BlackElo "2630"]

1.Nf3 d5 2.c4 e6 3.d4 Nf6 4.e3 a6 5.Nc3 c5 6.a3 dxc4 7.Bxc4 b5 8.Bd3 Nbd7
9.O-O Bb7 10.Qe2 Qb6 11.Rd1 Be7 12.dxc5 Nxc5 13.Bc2 Qc6 14.b4 Nb3 15.Bxb3 Qxc3
16.Rb1 Be4 17.Bd2 Qc7 18.Rbc1 Qb7 19.Ne5 Bd6 20.Bc3 Bxe5 21.Bxe5 Bxg2 22.Rd4 Qf3
23.Bd1 Qxe2 24.Bxe2 Bd5 25.Bxf6 gxf6 26.e4 Bb3 27.Rc3 Ba4 28.Bh5 Rg8+ 29.Kf1 Rg5
30.Be2 Rd8 31.Rxd8+ Kxd8 32.Rc6 Re5 33.f3 f5 34.exf5 Rxf5 35.Rxa6 Ke7 36.Kf2 Kf6
37.Rb6 Rh5 38.h4 Rd5 39.Ke3 Re5+ 40.Kd2 Rd5+ 41.Bd3 Rh5 42.Ke3 h6 43.Rb7 Re5+
44.Be4 Kg7 45.Rc7 Rh5 46.Rc5 f5 47.Bc6 Kf6 48.Be8 Rxh4 49.Bxb5 Bxb5 50.Rxb5 Rc4
51.a4 Rc3+ 52.Kf2 Kg5 53.a5 Ra3 54.Rb6 e5 55.a6 Kf4 56.b5 Ra2+ 57.Kg1 Kxf3
58.Rxh6 Ra1+ 59.Kh2 Ra2+ 60.Kg1 Ra1+ 61.Kh2 e4 62.Rh3+ Kf2 63.Rh4 Kf3 64.Rh3+ Kf2
65.Rh4 Kf3  1/2-1/2

[Event "Canadian Open"]
[Site "Toronto CAN"]
[Date "2010.07.13"]
[Round "4"]
[White "Noritsyn,N"]
[Black "Betaneli,A"]
[Result "1-0"]
[WhiteElo "2401"]
[BlackElo "2271"]

1.Nf3 d5 2.c4 e6 3.g3 Nf6 4.Bg2 dxc4 5.Qa4+ Nbd7 6.Qxc4 c5 7.O-O b6 8.b4 Bb7
9.bxc5 Bxc5 10.d4 Bd6 11.Nc3 a6 12.a4 O-O 13.Bb2 Qe7 14.Rfd1 Rfc8 15.Qb3 Rc7
16.Nd2 Bxg2 17.Kxg2 Rac8 18.Nce4 Bb4 19.Qd3 Nb8 20.Nxf6+ Qxf6 21.Nf3 Rc2
22.Rac1 Rxc1 23.Bxc1 Qd8 24.Ng5 Qd5+ 25.Kg1 f5 26.e4 fxe4 27.Nxe4 Qf5 28.Be3 b5
29.axb5 Qxb5 30.Qb1 Be7 31.Qa1 Nd7 32.d5 exd5 33.Nc3 Qc6 34.Nxd5 Bf6 35.Qa2 Qc4
36.Qb1 Rf8 37.Qf5 Ne5 38.Nxf6+ gxf6 39.Bh6 Qe2 40.Qe6+ Kh8 41.Qxf6+  1-0

[Event "ch-SCO"]
[Site "Hamilton SCO"]
[Date "2010.07.14"]
[Round "5"]
[White "Montgomery,R"]
[Black "Sreeves,C"]
[Result "0-1"]
[WhiteElo "1909"]
[BlackElo "2085"]

1.Nf3 d5 2.c4 c6 3.g3 Nf6 4.Bg2 dxc4 5.O-O e6 6.Qc2 b5 7.b3 cxb3 8.axb3 Bb7
9.Bb2 c5 10.d3 Be7 11.Nbd2 O-O 12.d4 cxd4 13.Bxd4 Nc6 14.Bb2 Rc8 15.Qb1 h6
16.Rd1 Qb6 17.e3 Rfd8 18.Nd4 Nb4 19.N2f3 Be4 20.Nc2 Nxc2 21.Rxd8+ Rxd8 22.Bxf6 Bxf6
23.Ra2 Nxe3 24.Qxe4 Rd1+  0-1

[Event "ZDMI Open"]
[Site "Dresden GER"]
[Date "2010.07.15"]
[Round "6"]
[White "Juergens,Kl"]
[Black "Maeder,J"]
[Result "1-0"]
[WhiteElo "2142"]
[BlackElo "1959"]

1.Nf3 d5 2.c4 e6 3.b3 Nf6 4.g3 c6 5.Bg2 Nbd7 6.O-O Be7 7.Bb2 O-O 8.d3 Qc7
9.Nbd2 b6 10.Rc1 Qb8 11.cxd5 cxd5 12.Nd4 Bb7 13.N2f3 a6 14.Qd2 Qd6 15.Nh4 g6
16.f4 Nh5 17.Nhf3 f5 18.a3 Ng7 19.b4 Rac8 20.Nb3 Bf6 21.Bxf6 Nxf6 22.a4 Nd7
23.a5 bxa5 24.Nxa5 Qb6+ 25.d4 Rxc1 26.Rxc1 Rc8 27.Rxc8+ Bxc8 28.Qc3 Bb7 29.Ne5 Nxe5
30.fxe5 Ne8 31.Qc5 Qxc5 32.bxc5 Bc8 33.e3 Bd7 34.c6 Bc8 35.Bf1 Nc7 36.Nb7 a5
37.Nc5 a4 38.Nxa4 Ba6 39.Bxa6 Nxa6 40.Nc5 Kf7 41.Nxa6  1-0

[Event "1st Open"]
[Site "Vaujany FRA"]
[Date "2010.07.15"]
[Round "6"]
[White "Petkov,V"]
[Black "Brunner,N"]
[Result "1-0"]
[WhiteElo "2496"]
[BlackElo "2451"]

1.Nf3 d5 2.c4 c6 3.e3 Nf6 4.Nc3 e6 5.b3 Nbd7 6.Bb2 b6 7.d4 Bd6 8.Bd3 Bb7
9.O-O O-O 10.Qe2 Re8 11.Rad1 Qe7 12.Bb1 dxc4 13.bxc4 e5 14.e4 Ba6 15.Rfe1 Rac8
16.Bd3 Bb8 17.d5 Nc5 18.Bc2 cxd5 19.Nxd5 Nxd5 20.exd5 e4 21.Nd4 Qd7 22.Nc6 Bb7
23.Nxb8 Rxb8 24.Qe3 Ba6 25.Qd4 f5 26.Re3 Re7 27.Rg3 Rf8 28.Re1 Rff7 29.h4 Qd6
30.Rg5 Nd7 31.Qc3 Qh6 32.Re3 Ne5 33.d6 Re8 34.c5 bxc5 35.Ba4 Re6 36.d7 Nxd7
37.Reg3 Nf6 38.Bb3 c4 39.Bxc4 Bxc4 40.Qxc4 Ne8 41.Qc8 f4 42.Rxg7+ Rxg7 43.Bxg7  1-0

[Event "Maria Albulet Mem"]
[Site "Braila ROU"]
[Date "2010.07.16"]
[Round "3"]
[White "Sgircea,S"]
[Black "Makropoulou,M"]
[Result "1-0"]
[WhiteElo "2199"]
[BlackElo "2245"]

1.Nf3 d5 2.c4 d4 3.e3 Nc6 4.exd4 Nxd4 5.Nxd4 Qxd4 6.d3 Nh6 7.Be2 c6 8.Nc3 Nf5
9.O-O h5 10.Ne4 e5 11.Bd2 Qd8 12.Re1 Be7 13.Bc3 Nd4 14.Bxh5 g6 15.Bf3 Be6
16.Nd2 Qc7 17.Bxd4 exd4 18.g3 O-O-O 19.Bg4 Bxg4 20.Qxg4+ Kb8 21.a3 Rh5 22.Nf1 a5
23.Re2 Rg5 24.Qe4 Bf6 25.Rae1 a4 26.Qg2 Qb6 27.f4 Rh5 28.Re8 Rh8 29.Rxd8+ Rxd8
30.Re4 Qb3 31.Qe2 Ka7 32.g4 Rd6 33.g5 Bd8 34.Re8 Rd7 35.Ng3 Qb6 36.h4 Bc7
37.Re4 c5 38.h5 gxh5 39.Nxh5 Bd8 40.Re5 Bc7 41.Re8 Rd8 42.Re7 Rh8 43.Rxf7 Qg6
44.Rxc7 Rxh5 45.Rxc5 Rh4 46.Ra5+ Kb6 47.Rb5+ Ka6 48.Rd5 Qb6  1-0

[Event "XII Open"]
[Site "Sant Marti ESP"]
[Date "2010.07.16"]
[Round "4"]
[White "Fernandez Diaz Mascort,M"]
[Black "Aranda Gonzalez,J"]
[Result "1-0"]
[WhiteElo "2216"]
[BlackElo "2294"]

1.Nf3 d5 2.c4 c6 3.b3 Nf6 4.Bb2 g6 5.g3 Bg7 6.Bg2 O-O 7.O-O Nbd7 8.cxd5 cxd5
9.e3 b6 10.Nc3 Ba6 11.d3 Rc8 12.Qb1 e6 13.Rd1 Qe7 14.a4 Rfd8 15.Nb5 Nc5 16.Bd4 Ne8
17.b4 Nxa4 18.Nxa7 Bxd4 19.Rxa4 Rc7 20.Nxd4 Rxa7 21.Nc6 Qd7 22.b5 Bxb5 23.Qxb5  1-0

[Event "25th Touraine Open"]
[Site "Avoine FRA"]
[Date "2010.07.17"]
[Round "1"]
[White "Valette,C"]
[Black "Robveille,L"]
[Result "1/2-1/2"]
[WhiteElo "2088"]
[BlackElo "1925"]

1.Nf3 d5 2.c4 c6 3.d4 Nf6 4.cxd5 cxd5 5.Nc3 e6 6.Bf4 Bd6 7.Bxd6 Qxd6 8.e3 Nc6
9.Bb5 O-O 10.O-O Bd7 11.a3 a6 12.Bxc6 Bxc6 13.Ne5 Nd7 14.Nxd7 Qxd7 15.Qd2 Ba4
16.Rfc1 Rfc8 17.Ne2 Bb3 18.Rc3 Rxc3 19.Qxc3 Bc4 20.Nf4 Rc8 21.Rc1 Rc6 22.Qa5 h6
23.h3 Qc8 24.Qd2 Qc7 25.Rc3 Bb5 26.Rxc6 Qxc6 27.b3 Qc8 28.a4 Be8 29.Nd3 b6
30.g3 Bd7 31.h4 Be8 32.Kh2 Bd7 33.Ne5 Be8 34.Kg2 f6 35.Nd3 Bg6 36.Ne1 Qc7
37.Kh2 Kh7 38.b4 Qc4 39.Kg1 Kg8 40.a5 bxa5 41.bxa5 Bf5 42.Ng2 Bh3  1/2-1/2

[Event "ZDMI Open"]
[Site "Dresden GER"]
[Date "2010.07.17"]
[Round "8"]
[White "Turikov,V"]
[Black "Hansch,T"]
[Result "1-0"]
[WhiteElo "2334"]
[BlackElo "2163"]

1.Nf3 d5 2.c4 c6 3.e3 Nf6 4.Nc3 e6 5.b3 Bd6 6.Bb2 O-O 7.Be2 Nbd7 8.O-O b6
9.cxd5 cxd5 10.Nb5 Bc5 11.a3 a6 12.Nbd4 Bb7 13.b4 Bd6 14.Qb3 b5 15.Rfc1 Qb6
16.d3 Rfc8 17.Qd1 Rxc1 18.Rxc1 Rc8 19.Nb3 Rxc1 20.Qxc1 Qc7 21.Qxc7 Bxc7 22.Bxf6 gxf6
23.d4 Bc6 24.Ne1 Kf8 25.Nd3 Ke7 26.g3 Bb7 27.Ndc5 Bc8 28.Nxd7 Kxd7 29.Kg2 Bd6
30.Bd3 f5 31.f4 Kc6 32.Be2 Kd7 33.h3 Ke7 34.g4 fxg4 35.hxg4 h6 36.Kg3 Kf6
37.Bd3 Bf8 38.Na5 Ke7 39.Nc6+ Kd6 40.Na5 Bg7 41.Nb3 Bd7 42.Bc2 Kc6 43.Nc5 Bc8
44.Bh7 Kd6 45.Bd3 Kc6 46.Bf1 Bf6 47.Nd3 Kd6 48.Ne5 Ke7 49.Bd3 Kf8 50.Bc2 Be7
51.Nd3 Bd8 52.Nc5 Ke8 53.a4 Bd7 54.a5 Bc8 55.Kf3 Bf6 56.Bd1 Ke7 57.Ke2 Kd6
58.Kd2 Bh4 59.Bc2 Bg3 60.Ke2 Bh4 61.Bh7 Bf6 62.Nd3 Ke7 63.Ne5 Kf8 64.Bc2 Ke7
65.Nf3 Kd6 66.Kd2 Bb7 67.Kc3 Ke7 68.Ne5 Bg7 69.Nd3 Bc8 70.Nc5 Kd6 71.e4 dxe4
72.Bxe4 f5 73.Bf3 fxg4 74.Bxg4 Bf6 75.Ne4+ Ke7 76.Nxf6 Kxf6 77.d5 Ke7 78.dxe6 Bxe6
79.f5 h5 80.Bh3 Bd5 81.Kd4 Bf3 82.Ke5 Kf7 83.Kf4 Bb7 84.Kg5 Bc8 85.Bg2 h4
86.Bd5+ Ke8 87.Bg2 Kf7 88.Bh3 Bd7 89.Kxh4 Kf6 90.Bg2 Bxf5 91.Bb7 Bd7 92.Bxa6 Ke5
93.Bb7 Kd6 94.Kg5 Kc7 95.Bf3 Kd6 96.Kf4 Be8 97.a6 Bc6 98.a7  1-0